[Event "Asian Junior Chess Championships 2017 - Girls"]
[Site "Shiraz, Iran"]
[Date "2017.05.03"]
[Round "1"]
[Board "1"]
[White "Majidi, Kimia"]
[Black "Alinasab, Mobina"]
[Result "1/2-1/2"]
[WhiteElo "1811"]
[BlackElo "2226"]
[PlyCount "0"]
[EventDate "2017.05.03"]
[EventRounds "9"]
[EventCountry "IRI"]

1. e4 {[%clk 1:30:49]} e6 {[%clk 1:30:53]} 2. d4 {[%clk 1:31:12]} d5
{[%clk 1:31:19]} 3. Nd2 {[%clk 1:31:26]} Be7 {[%clk 1:31:43]} 4. e5
{[%clk 1:31:15]} c5 {[%clk 1:32:01]} 5. Qg4 {[%clk 1:31:19]} Kf8 {[%clk 1:31:58]}
6. dxc5 {[%clk 1:31:38]} Nc6 {[%clk 1:32:21]} 7. Ndf3 {[%clk 1:31:01]} h5
{[%clk 1:27:47]} 8. Qf4 {[%clk 1:28:19]} Bxc5 {[%clk 1:23:17]} 9. a3
{[%clk 1:26:08]} a5 {[%clk 1:19:02]} 10. Bd3 {[%clk 1:23:22]} Qc7
{[%clk 1:19:07]} 11. Nh3 {[%clk 1:18:20]} Nh6 {[%clk 1:15:38]} 12. O-O
{[%clk 1:06:26]} Ng4 {[%clk 1:10:50]} 13. Re1 {[%clk 1:02:52]} Kg8
{[%clk 0:59:44]} 14. Re2 {[%clk 0:55:56]} Ncxe5 {[%clk 0:34:03]} 15. Nxe5
{[%clk 0:52:35]} Bd6 {[%clk 0:34:25]} 16. Qxf7+ {[%clk 0:51:26]} Qxf7
{[%clk 0:34:48]} 17. Nxf7 {[%clk 0:51:51]} Kxf7 {[%clk 0:35:14]} 18. Ng5+
{[%clk 0:46:49]} Kf6 {[%clk 0:33:42]} 19. h3 {[%clk 0:41:27]} Ne5
{[%clk 0:33:30]} 20. Bb5 {[%clk 0:40:12]} Nc6 {[%clk 0:33:07]} 21. Nf3
{[%clk 0:35:39]} Na7 {[%clk 0:15:18]} 22. Bd3 {[%clk 0:31:44]} Nc6
{[%clk 0:15:40]} 23. Bb5 {[%clk 0:29:55]} Na7 {[%clk 0:10:49]} 24. Bd3
{[%clk 0:29:45]} Nc6 {[%clk 0:08:22]} 25. Bb5 {[%clk 0:28:07]} Na7
{[%clk 0:00:53]} 26. Bd3 {[%clk 0:28:06]} Nc6 {[%clk 0:00:56]} 27. Bb5
{[%clk 0:21:57]} Na7 {[%clk 0:00:39]} 28. Bd3 {[%clk 0:21:43]} Nc6
{[%clk 0:01:04]} 29. Bb5  1/2-1/2

[Event "Asian Junior Chess Championships 2017 - Girls"]
[Site "Shiraz, Iran"]
[Date "2017.05.03"]
[Round "1"]
[Board "3"]
[White "Sebt Rasoul, Seyede Setare"]
[Black "Isha, Sharma"]
[Result "0-1"]
[WhiteElo "1745"]
[BlackElo "2084"]
[PlyCount "0"]
[EventDate "2017.05.03"]
[EventRounds "9"]
[EventCountry "IRI"]

1. e4 {[%clk 1:30:29]} e6 {[%clk 1:30:57]} 2. d4 {[%clk 1:30:51]} d5
{[%clk 1:31:21]} 3. Nd2 {[%clk 1:31:15]} c5 {[%clk 1:31:46]} 4. exd5
{[%clk 1:31:40]} Qxd5 {[%clk 1:32:02]} 5. Ngf3 {[%clk 1:32:03]} Nf6
{[%clk 1:32:24]} 6. Bc4 {[%clk 1:32:18]} Qd6 {[%clk 1:32:10]} 7. O-O
{[%clk 1:32:27]} cxd4 {[%clk 1:32:05]} 8. Nb3 {[%clk 1:32:43]} Qc7
{[%clk 1:32:30]} 9. Qe2 {[%clk 1:30:00]} Be7 {[%clk 1:30:05]} 10. Nbxd4
{[%clk 1:29:37]} a6 {[%clk 1:30:25]} 11. a4 {[%clk 1:29:25]} O-O {[%clk 1:30:34]}
12. Bb3 {[%clk 1:22:23]} b6 {[%clk 1:22:39]} 13. Re1 {[%clk 1:18:26]} Nc6
{[%clk 1:16:21]} 14. Nxc6 {[%clk 1:16:29]} Qxc6 {[%clk 1:16:46]} 15. Ne5
{[%clk 1:16:55]} Qc5 {[%clk 1:14:04]} 16. Nd3 {[%clk 1:13:19]} Qf5
{[%clk 1:10:24]} 17. c3 {[%clk 1:13:13]} Bb7 {[%clk 1:05:16]} 18. Bc2
{[%clk 1:13:20]} Qd5 {[%clk 1:04:01]} 19. f3 {[%clk 1:11:59]} Rac8
{[%clk 1:00:20]} 20. Be3 {[%clk 1:07:57]} Qc6 {[%clk 0:59:11]} 21. Ne5
{[%clk 1:07:14]} Qc7 {[%clk 0:55:43]} 22. Bf2 {[%clk 0:55:25]} Bd6
{[%clk 0:50:04]} 23. Bd4 {[%clk 0:48:20]} Rfd8 {[%clk 0:49:44]} 24. Rad1
{[%clk 0:45:03]} Bc5 {[%clk 0:43:10]} 25. Bxc5 {[%clk 0:39:16]} Qxc5+
{[%clk 0:43:34]} 26. Kh1 {[%clk 0:39:37]} b5 {[%clk 0:41:58]} 27. Bb3
{[%clk 0:30:15]} Ne4 {[%clk 0:13:35]} 28. Ng4 {[%clk 0:23:07]} Nd6
{[%clk 0:11:50]} 29. Ne5 {[%clk 0:17:34]} bxa4 {[%clk 0:11:52]} 30. Bxa4
{[%clk 0:17:45]} Bd5 {[%clk 0:11:56]} 31. Bc2 {[%clk 0:14:34]} Bc4
{[%clk 0:03:50]} 32. Nxc4 {[%clk 0:14:07]} Nxc4 {[%clk 0:04:18]} 33. Bd3
{[%clk 0:12:53]} Nd6 {[%clk 0:03:36]} 34. Bxa6 {[%clk 0:10:19]} Rb8
{[%clk 0:04:01]} 35. Rb1 {[%clk 0:08:47]} Rb6 {[%clk 0:03:19]} 36. Rec1
{[%clk 0:07:58]} Qh5 {[%clk 0:02:48]} 37. Bd3 {[%clk 0:07:41]} Ne8
{[%clk 0:02:16]} 38. c4 {[%clk 0:06:45]} Rbd6 {[%clk 0:02:28]} 39. Rd1
{[%clk 0:07:04]} Qg5 {[%clk 0:02:04]} 40. b4 {[%clk 0:06:41]} Nf6
{[%clk 0:02:20]} 41. b5 {[%clk 0:05:33]} Nh5 {[%clk 0:02:18]} 42. g3
{[%clk 0:05:49]} Qh6 {[%clk 0:02:08]} 43. Kg2 {[%clk 0:06:12]} Qg5
{[%clk 0:02:28]} 44. Kh1 {[%clk 0:06:02]} Qh6 {[%clk 0:02:51]} 45. Kg1
{[%clk 0:04:47]} Qg5 {[%clk 0:03:16]} 46. Kf1 {[%clk 0:03:55]} Qc5
{[%clk 0:01:17]} 47. Bc2 {[%clk 0:03:15]} Rxd1+ {[%clk 0:01:03]} 48. Rxd1
{[%clk 0:03:44]} Rc8 {[%clk 0:01:27]} 49. Qd3 {[%clk 0:03:09]} g6
{[%clk 0:01:23]} 50. Bb3 {[%clk 0:03:31]} Ng7 {[%clk 0:01:15]} 51. Qd7
{[%clk 0:03:22]} Nf5 {[%clk 0:01:32]} 52. Rd3 {[%clk 0:01:51]} Ra8
{[%clk 0:01:42]} 53. Ke2 {[%clk 0:01:09]} Qg1 {[%clk 0:00:52]} 54. Qd8+
{[%clk 0:00:39]} Rxd8 {[%clk 0:01:16]} 55. Rxd8+ {[%clk 0:01:08]} Kg7
{[%clk 0:01:41]} 56. Kd2 {[%clk 0:00:50]} Qe3+ {[%clk 0:02:00]} 57. Kc2
{[%clk 0:01:10]} Nd4+ {[%clk 0:02:27]} 58. Rxd4 {[%clk 0:01:25]} Qxd4
{[%clk 0:02:52]} 59. Ba2 {[%clk 0:01:43]} f5 {[%clk 0:03:14]} 60. Kb3
{[%clk 0:02:06]} e5 {[%clk 0:03:18]} 61. Bb1 {[%clk 0:02:24]} e4 {[%clk 0:03:36]}
62. fxe4 {[%clk 0:02:43]} fxe4 {[%clk 0:04:02]} 63. Bxe4 {[%clk 0:03:09]} Qxe4
{[%clk 0:04:29]} 64. Kb4 {[%clk 0:03:31]} Kf6 {[%clk 0:04:49]} 65. Ka5
{[%clk 0:03:57]} Qa8+ {[%clk 0:05:08]} 66. Kb6 {[%clk 0:04:22]} Qb8+
{[%clk 0:05:25]} 67. Ka6 {[%clk 0:04:48]} Ke6 {[%clk 0:05:47]} 68. c5
{[%clk 0:05:11]} Kd5 {[%clk 0:06:02]} 69. c6 {[%clk 0:05:35]} Kc5
{[%clk 0:06:29]}  0-1

[Event "Asian Junior Chess Championships 2017 - Girls"]
[Site "Shiraz, Iran"]
[Date "2017.05.04"]
[Round "2"]
[Board "2"]
[White "Isha, Sharma"]
[Black "Mahdian, Anousha"]
[Result "1/2-1/2"]
[WhiteElo "2084"]
[BlackElo "1871"]
[PlyCount "0"]
[EventDate "2017.05.03"]
[EventRounds "9"]
[EventCountry "IRI"]

1. e4 {[%clk 1:30:57]} c5 {[%clk 1:28:04]} 2. Nc3 {[%clk 1:31:21]} e6
{[%clk 1:28:30]} 3. g3 {[%clk 1:31:47]} d5 {[%clk 1:28:56]} 4. exd5
{[%clk 1:32:13]} exd5 {[%clk 1:29:22]} 5. Bg2 {[%clk 1:32:33]} Nf6
{[%clk 1:29:48]} 6. d3 {[%clk 1:32:50]} Be7 {[%clk 1:28:52]} 7. Nf3
{[%clk 1:32:36]} Nc6 {[%clk 1:28:08]} 8. O-O {[%clk 1:33:00]} O-O
{[%clk 1:28:29]} 9. Re1 {[%clk 1:33:20]} h6 {[%clk 1:28:26]} 10. Bf4
{[%clk 1:32:47]} d4 {[%clk 1:25:21]} 11. Ne4 {[%clk 1:32:10]} Nd5
{[%clk 1:25:04]} 12. Bc1 {[%clk 1:30:07]} Bg4 {[%clk 1:23:18]} 13. h3
{[%clk 1:28:53]} Be6 {[%clk 1:23:32]} 14. c3 {[%clk 1:24:04]} dxc3
{[%clk 1:22:35]} 15. bxc3 {[%clk 1:24:22]} Qd7 {[%clk 1:22:08]} 16. d4
{[%clk 1:08:48]} cxd4 {[%clk 1:14:50]} 17. Nxd4 {[%clk 1:05:03]} Bxh3
{[%clk 1:08:23]} 18. c4 {[%clk 0:56:24]} Nb6 {[%clk 1:02:14]} 19. Nxc6
{[%clk 0:48:03]} bxc6 {[%clk 1:02:40]} 20. Qxd7 Bxd7 {[%clk 1:03:05]} 21. c5
{[%clk 0:47:25]} Na4 {[%clk 0:58:30]} 22. Be3 {[%clk 0:47:33]} Rab8
{[%clk 0:48:00]} 23. Bd4 {[%clk 0:39:15]} Rb4 {[%clk 0:41:12]} 24. Rad1
{[%clk 0:28:53]} Bg4 {[%clk 0:40:51]} 25. a3 {[%clk 0:19:20]} Rbb8
{[%clk 0:24:55]} 26. Rc1 {[%clk 0:17:22]} Be6 {[%clk 0:19:00]} 27. Be5
{[%clk 0:11:36]} Rb3 {[%clk 0:16:36]} 28. Nd2 {[%clk 0:10:16]} Rxa3
{[%clk 0:07:50]} 29. Ra1 {[%clk 0:10:28]} Rxa1 {[%clk 0:08:05]} 30. Rxa1
{[%clk 0:10:52]} Nxc5 {[%clk 0:08:20]} 31. Rxa7 {[%clk 0:10:58]} Nd7
{[%clk 0:08:39]} 32. Bc3 {[%clk 0:10:15]} Rc8 {[%clk 0:08:20]} 33. Bf1
{[%clk 0:07:36]} Bc5 {[%clk 0:07:21]} 34. Rb7 {[%clk 0:07:34]} Bb6
{[%clk 0:05:19]} 35. Bc4 {[%clk 0:06:35]} Rc7 {[%clk 0:05:04]} 36. Rxc7
{[%clk 0:05:28]} Bxc7 {[%clk 0:05:31]} 37. Be2 {[%clk 0:05:15]} c5
{[%clk 0:05:33]} 38. f4 {[%clk 0:03:26]} g5 {[%clk 0:03:16]} 39. fxg5
{[%clk 0:03:52]} hxg5 {[%clk 0:03:41]} 40. Kf2 {[%clk 0:04:15]} g4
{[%clk 0:03:43]} 41. Ne4 {[%clk 0:04:10]} Bd8 {[%clk 0:03:42]} 42. Bb5
{[%clk 0:04:10]} Be7 {[%clk 0:02:25]} 43. Bxd7 {[%clk 0:04:28]} Bxd7
{[%clk 0:02:51]} 44. Nf6+ {[%clk 0:04:55]} Bxf6 {[%clk 0:03:14]} 45. Bxf6
{[%clk 0:05:21]} Kh7 {[%clk 0:03:33]} 46. Ke3 {[%clk 0:05:33]} Kg6
{[%clk 0:03:47]} 47. Be7 {[%clk 0:05:43]} c4 {[%clk 0:04:13]} 48. Kd4
{[%clk 0:06:10]} Be6 {[%clk 0:04:39]} 49. Bd6 {[%clk 0:06:34]} Kf6
{[%clk 0:04:43]} 50. Kc3 {[%clk 0:06:58]} Kf5 {[%clk 0:04:59]} 51. Bf4
{[%clk 0:07:22]} Ke4 {[%clk 0:05:23]} 52. Bb8 {[%clk 0:07:47]} f5
{[%clk 0:05:40]} 53. Bf4 {[%clk 0:08:13]}  1/2-1/2

[Event "Asian Junior Chess Championships 2017 - Girls"]
[Site "Shiraz, Iran"]
[Date "2017.05.04"]
[Round "3"]
[Board "2"]
[White "Meghna, C H"]
[Black "Alinasab, Mobina"]
[Result "1/2-1/2"]
[WhiteElo "1915"]
[BlackElo "2226"]
[PlyCount "0"]
[EventDate "2017.05.03"]
[EventRounds "9"]
[EventCountry "IRI"]

1. e4 {[%clk 1:30:50]} c5 {[%clk 1:30:48]} 2. Nf3 {[%clk 1:31:15]} e6
{[%clk 1:31:14]} 3. d4 {[%clk 1:31:40]} cxd4 {[%clk 1:31:41]} 4. Nxd4
{[%clk 1:32:04]} a6 {[%clk 1:32:08]} 5. Nc3 {[%clk 1:31:17]} Qc7 {[%clk 1:32:32]}
6. Bd3 {[%clk 1:31:40]} Nc6 {[%clk 1:32:07]} 7. Be3 {[%clk 1:31:05]} Nf6
{[%clk 1:30:28]} 8. O-O {[%clk 1:30:30]} Be7 {[%clk 1:29:39]} 9. Kh1
{[%clk 1:23:43]} d6 {[%clk 1:17:05]} 10. f4 {[%clk 1:20:31]} O-O {[%clk 1:08:32]}
11. a4 {[%clk 1:07:20]} Nb4 {[%clk 1:03:30]} 12. a5 {[%clk 0:59:09]} Nxd3 13.
cxd3 {[%clk 0:53:17]} Bd7 {[%clk 0:59:31]} 14. Nb3 {[%clk 0:52:25]} Bc6
{[%clk 0:59:03]} 15. Qe2 {[%clk 0:47:00]} e5 {[%clk 0:58:02]} 16. Rfc1
{[%clk 0:43:58]} Qd7 {[%clk 0:56:32]} 17. Bd2 {[%clk 0:36:04]} Qg4
{[%clk 0:47:02]} 18. Rf1 {[%clk 0:27:06]} Qxe2 {[%clk 0:46:10]} 19. Nxe2
{[%clk 0:27:35]} Bb5 {[%clk 0:45:52]} 20. Nbc1 {[%clk 0:26:24]} Rfe8
{[%clk 0:37:25]} 21. Nc3 {[%clk 0:22:03]} Bc6 {[%clk 0:37:46]} 22. N1a2
{[%clk 0:20:38]} exf4 {[%clk 0:37:19]} 23. Bxf4 {[%clk 0:19:50]} d5
{[%clk 0:37:09]} 24. e5 {[%clk 0:19:01]} Nd7 {[%clk 0:36:32]} 25. d4
{[%clk 0:19:20]} Nf8 {[%clk 0:36:23]} 26. Nc1 {[%clk 0:17:44]} Ne6
{[%clk 0:36:36]} 27. Be3 {[%clk 0:17:55]} Rac8 {[%clk 0:25:48]} 28. Nd3
{[%clk 0:17:56]} Red8 {[%clk 0:25:38]} 29. Rfc1 {[%clk 0:14:55]} Be8
{[%clk 0:24:52]} 30. Kg1 {[%clk 0:12:49]} Rc4 {[%clk 0:24:32]} 31. b3
{[%clk 0:12:53]} Rcc8 {[%clk 0:21:08]} 32. Kf2 {[%clk 0:11:49]} Bc6
{[%clk 0:20:57]} 33. Ra2 {[%clk 0:08:56]} h5 {[%clk 0:16:16]} 34. Rac2
{[%clk 0:06:19]} Ba3 {[%clk 0:13:00]} 35. Ra1 {[%clk 0:06:48]} Be7
{[%clk 0:12:40]} 36. Rac1 {[%clk 0:06:56]} Ra8 {[%clk 0:12:28]} 37. Na2
{[%clk 0:04:25]} Ba3 {[%clk 0:10:45]} 38. Ra1 {[%clk 0:04:52]} Be7
{[%clk 0:07:18]} 39. Nab4 {[%clk 0:04:41]} Bb5 {[%clk 0:07:32]} 40. Rac1
{[%clk 0:04:51]} g5 {[%clk 0:06:06]} 41. h3 {[%clk 0:03:28]} Kg7 {[%clk 0:02:16]}
42. g3 {[%clk 0:03:31]} Kg6 {[%clk 0:02:21]} 43. Ke1 {[%clk 0:01:59]} Kg7
{[%clk 0:02:19]} 44. Kd2 {[%clk 0:02:13]} Kg6 {[%clk 0:02:14]} 45. Bf2
{[%clk 0:02:02]} Kh7 {[%clk 0:01:26]} 46. Ke3 {[%clk 0:01:29]} Kg6
{[%clk 0:01:17]} 47. Be1 {[%clk 0:01:01]} Ng7 {[%clk 0:00:41]} 48. Kd2
{[%clk 0:00:41]} Ne6 {[%clk 0:00:51]} 49. Ke3 {[%clk 0:01:02]} Ng7
{[%clk 0:01:11]} 50. Kd2 {[%clk 0:01:20]} Ne6 {[%clk 0:01:29]} 51. Ke3
{[%clk 0:01:47]} Ng7 {[%clk 0:01:20]} 52. Kd2 {[%clk 0:01:44]} Ne6
{[%clk 0:01:16]}  1/2-1/2

[Event "Asian Junior Chess Championships 2017 - Girls"]
[Site "Shiraz, Iran"]
[Date "2017.05.04"]
[Round "3"]
[Board "3"]
[White "Mahdian, Anousha"]
[Black "Alijanzadeh, Mohadeseh"]
[Result "1-0"]
[WhiteElo "1871"]
[BlackElo "1942"]
[PlyCount "0"]
[EventDate "2017.05.03"]
[EventRounds "9"]
[EventCountry "IRI"]

1. d4 {[%clk 1:31:00]} Nf6 {[%clk 1:30:52]} 2. c4 {[%clk 1:31:25]} e6
{[%clk 1:31:19]} 3. Nc3 {[%clk 1:31:50]} Bb4 {[%clk 1:31:44]} 4. Qc2
{[%clk 1:32:18]} b6 {[%clk 1:32:06]} 5. e4 {[%clk 1:32:42]} c5 {[%clk 1:32:28]}
6. d5 {[%clk 1:33:06]} Qe7 {[%clk 1:32:52]} 7. Nge2 {[%clk 1:33:33]} exd5
{[%clk 1:33:04]} 8. exd5 {[%clk 1:33:58]} O-O {[%clk 1:33:17]} 9. Bd2
{[%clk 1:34:25]} d6 {[%clk 1:33:20]} 10. f3 {[%clk 1:34:46]} Nbd7
{[%clk 1:30:50]} 11. O-O-O {[%clk 1:35:10]} Ne5 {[%clk 1:27:30]} 12. Ng3
{[%clk 1:35:36]} a6 {[%clk 1:27:38]} 13. Re1 {[%clk 1:34:38]} Qd8
{[%clk 1:23:19]} 14. f4 {[%clk 1:34:01]} Ng6 {[%clk 1:20:17]} 15. h4
{[%clk 1:30:23]} h6 {[%clk 1:04:22]} 16. h5 {[%clk 1:19:25]} Ne7 {[%clk 1:04:38]}
17. Bd3 {[%clk 0:56:15]} b5 {[%clk 1:00:37]} 18. Nce4 {[%clk 0:43:02]} Nxe4
{[%clk 0:57:16]} 19. Bxe4 {[%clk 0:40:23]} Bxd2+ {[%clk 0:55:10]} 20. Qxd2
{[%clk 0:39:18]} bxc4 {[%clk 0:54:48]} 21. f5 {[%clk 0:34:45]} f6
{[%clk 0:54:41]} 22. Qc3 {[%clk 0:34:36]} a5 {[%clk 0:50:49]} 23. Qxc4
{[%clk 0:33:59]} Ba6 {[%clk 0:50:20]} 24. Qc3 {[%clk 0:29:46]} Qd7
{[%clk 0:46:40]} 25. Rd1 {[%clk 0:24:35]} Rfb8 {[%clk 0:44:55]} 26. Rhe1
{[%clk 0:20:23]} Rb4 {[%clk 0:38:03]} 27. Qe3 {[%clk 0:19:38]} Rab8
{[%clk 0:28:25]} 28. Rd2 {[%clk 0:18:23]} R8b7 {[%clk 0:17:42]} 29. b3
{[%clk 0:09:26]} c4 {[%clk 0:16:34]} 30. Bc2 {[%clk 0:09:37]} cxb3
{[%clk 0:15:44]} 31. axb3 {[%clk 0:09:46]} Qc7 {[%clk 0:14:27]} 32. Rd4
{[%clk 0:05:16]} Rxb3 {[%clk 0:13:04]} 33. Qxe7 {[%clk 0:05:39]} Qxe7
{[%clk 0:10:47]} 34. Rxe7 {[%clk 0:06:02]} Rxg3 {[%clk 0:11:12]} 35. Re8+
{[%clk 0:01:56]} Kf7 {[%clk 0:11:32]} 36. Ra8 {[%clk 0:02:09]} Bf1
{[%clk 0:09:23]} 37. Rxa5 {[%clk 0:01:12]} Rxg2 {[%clk 0:09:12]} 38. Rd2
{[%clk 0:00:47]} Rg5 {[%clk 0:08:10]} 39. Rh2 {[%clk 0:01:07]} Bg2
{[%clk 0:07:44]} 40. Rh4 {[%clk 0:00:43]} Bf3 {[%clk 0:07:54]} 41. Rf4
{[%clk 0:00:45]} Bxh5 {[%clk 0:07:47]} 42. Ra6 {[%clk 0:01:03]} Rg1+
{[%clk 0:07:03]} 43. Kd2 {[%clk 0:01:26]} Rg2+ {[%clk 0:07:02]} 44. Kc3
{[%clk 0:01:24]} Rg3+ {[%clk 0:06:07]} 45. Kd2 {[%clk 0:01:48]} Rc7
{[%clk 0:02:53]} 46. Rc6 {[%clk 0:01:54]} Rd7 {[%clk 0:03:18]} 47. Ba4
{[%clk 0:02:05]} Re7 {[%clk 0:02:49]} 48. Rxd6 {[%clk 0:02:06]} Re2+
{[%clk 0:02:51]} 49. Kc1 {[%clk 0:02:09]} Rg1+ {[%clk 0:03:10]} 50. Bd1
{[%clk 0:02:29]} Ree1 {[%clk 0:03:01]} 51. Rd7+ {[%clk 0:01:51]} Kf8
{[%clk 0:02:51]} 52. Ra4 {[%clk 0:01:48]} Rxd1+ {[%clk 0:02:54]} 53. Kb2
{[%clk 0:02:13]} Rd3 {[%clk 0:01:11]} 54. Ra8+ {[%clk 0:01:40]} Be8
{[%clk 0:01:40]} 55. Rdd8 {[%clk 0:01:50]} Re3 {[%clk 0:02:00]} 56. Kc2
{[%clk 0:02:00]} Rg2+ {[%clk 0:02:14]} 57. Kd1 {[%clk 0:02:28]} Kf7
{[%clk 0:02:05]} 58. d6 {[%clk 0:02:38]} Re5 {[%clk 0:01:18]} 59. Ra7+
{[%clk 0:02:51]} Kf8 {[%clk 0:01:39]} 60. d7 {[%clk 0:01:40]} Rg4
{[%clk 0:02:00]} 61. Raa8 {[%clk 0:01:27]} Rge4 {[%clk 0:02:21]} 62. Kc2
{[%clk 0:00:53]} h5 {[%clk 0:02:47]} 63. Rdc8 {[%clk 0:01:02]} Re2+
{[%clk 0:02:35]} 64. Kc3 {[%clk 0:00:46]} R2e3+ {[%clk 0:01:35]} 65. Kc2
{[%clk 0:00:52]} Re2+ {[%clk 0:01:19]} 66. Kb3 {[%clk 0:00:58]} R2e3+
{[%clk 0:00:57]} 67. Kb4 {[%clk 0:01:16]} R3e4+ {[%clk 0:00:41]} 68. Rc4
{[%clk 0:01:31]} Rd5 {[%clk 0:00:35]} 69. Rxe4 {[%clk 0:01:48]} Rxd7
{[%clk 0:01:04]} 70. Rexe8+ {[%clk 0:01:53]} Kf7 {[%clk 0:01:33]} 71. Kc5
{[%clk 0:01:14]} g5 {[%clk 0:01:21]} 72. Rh8 {[%clk 0:00:54]} Kg7
{[%clk 0:01:26]} 73. Rag8+ {[%clk 0:01:06]} Kf7 {[%clk 0:01:55]} 74. Rg6
{[%clk 0:01:20]} Rd1 {[%clk 0:01:45]} 75. Rh7+ {[%clk 0:01:45]} Kf8
{[%clk 0:02:11]} 76. Rxf6+ {[%clk 0:02:13]} Ke8 {[%clk 0:02:34]} 77. Ra6
{[%clk 0:02:18]} Rc1+ {[%clk 0:02:23]} 78. Kd6 {[%clk 0:02:36]} Rd1+
{[%clk 0:02:50]} 79. Ke6 {[%clk 0:03:00]} Re1+ {[%clk 0:03:15]} 80. Kf6
{[%clk 0:03:27]}  1-0

[Event "Asian Junior Chess Championships 2017 - Girls"]
[Site "Shiraz, Iran"]
[Date "2017.05.05"]
[Round "4"]
[Board "1"]
[White "Meghna, C H"]
[Black "Ivana Maria, Furtado"]
[Result "1/2-1/2"]
[WhiteElo "1915"]
[BlackElo "2132"]
[PlyCount "0"]
[EventDate "2017.05.03"]
[EventRounds "9"]
[EventCountry "IRI"]

1. e4 {[%clk 1:30:38]} d5 {[%clk 1:30:26]} 2. exd5 {[%clk 1:31:01]} Nf6
{[%clk 1:30:44]} 3. d4 {[%clk 1:30:35]} Nxd5 {[%clk 1:30:45]} 4. c4
{[%clk 1:31:00]} Nf6 {[%clk 1:30:51]} 5. Nf3 {[%clk 1:29:01]} g6 {[%clk 1:30:32]}
6. Nc3 {[%clk 1:27:02]} Bg7 {[%clk 1:27:56]} 7. h3 {[%clk 1:22:13]} c5
{[%clk 1:24:39]} 8. d5 {[%clk 1:16:16]} O-O {[%clk 1:23:12]} 9. Bd3
{[%clk 1:16:18]} a6 {[%clk 1:17:57]} 10. a4 {[%clk 1:14:08]} e6 {[%clk 1:16:57]}
11. Bg5 {[%clk 0:54:27]} exd5 {[%clk 1:15:09]} 12. cxd5 {[%clk 0:49:36]} h6
{[%clk 1:11:37]} 13. Bh4 {[%clk 0:49:48]} Re8+ {[%clk 1:01:38]} 14. Kf1
{[%clk 0:48:51]} Qb6 {[%clk 0:54:25]} 15. Qc2 {[%clk 0:38:59]} c4
{[%clk 0:47:51]} 16. Bxc4 {[%clk 0:37:40]} Bf5 {[%clk 0:48:07]} 17. Qb3
{[%clk 0:36:07]} Nbd7 {[%clk 0:46:59]} 18. Qxb6 {[%clk 0:21:08]} Nxb6
{[%clk 0:46:05]} 19. Bb3 {[%clk 0:21:37]} g5 {[%clk 0:45:13]} 20. Bg3
{[%clk 0:22:01]} Ne4 {[%clk 0:45:29]} 21. Bc7 {[%clk 0:19:48]} Nd7
{[%clk 0:42:36]}  1/2-1/2

[Event "Asian Junior Chess Championships 2017 - Girls"]
[Site "Shiraz, Iran"]
[Date "2017.05.05"]
[Round "4"]
[Board "2"]
[White "Hashemi, Seyede Fatemeh"]
[Black "Mahdian, Anousha"]
[Result "0-1"]
[WhiteElo "1837"]
[BlackElo "1871"]
[PlyCount "0"]
[EventDate "2017.05.03"]
[EventRounds "9"]
[EventCountry "IRI"]

1. e4 {[%clk 1:30:46]} c6 {[%clk 1:30:58]} 2. d4 {[%clk 1:30:39]} d5
{[%clk 1:31:22]} 3. exd5 {[%clk 1:31:00]} cxd5 {[%clk 1:31:46]} 4. Bd3
{[%clk 1:31:12]} Nc6 {[%clk 1:32:11]} 5. c3 {[%clk 1:31:35]} Qc7 {[%clk 1:32:38]}
6. h3 {[%clk 1:31:06]} Nf6 {[%clk 1:32:33]} 7. Ne2 {[%clk 1:28:10]} Bd7
{[%clk 1:28:36]} 8. Na3 {[%clk 1:20:04]} a6 {[%clk 1:28:08]} 9. O-O
{[%clk 1:12:02]} e5 {[%clk 1:27:19]} 10. dxe5 {[%clk 1:10:52]} Nxe5
{[%clk 1:27:40]} 11. Bf4 {[%clk 1:01:17]} Bd6 {[%clk 1:27:55]} 12. Bg3
{[%clk 1:00:16]} O-O {[%clk 1:21:56]} 13. Nc2 {[%clk 0:57:51]} Ne4
{[%clk 1:07:44]} 14. Bxe5 {[%clk 0:49:43]} Bxe5 {[%clk 1:07:56]} 15. Ne3
{[%clk 0:48:23]} Nf6 {[%clk 0:54:56]} 16. Qc2 {[%clk 0:42:26]} Qb6
{[%clk 0:51:29]} 17. Rad1 {[%clk 0:39:17]} g6 {[%clk 0:43:31]} 18. Qd2
{[%clk 0:29:22]} Rad8 {[%clk 0:40:36]} 19. Kh1 {[%clk 0:25:20]} Rfe8
{[%clk 0:35:05]} 20. Qc2 {[%clk 0:20:39]} Bb8 {[%clk 0:30:52]} 21. Rfe1
{[%clk 0:16:58]} Qc7 {[%clk 0:18:23]} 22. Nf1 {[%clk 0:16:12]} Ne4
{[%clk 0:15:02]} 23. Neg3 {[%clk 0:14:05]} f5 {[%clk 0:13:01]} 24. Re2
{[%clk 0:08:51]} h5 {[%clk 0:07:46]} 25. Qc1 {[%clk 0:05:56]} Qc6
{[%clk 0:02:17]} 26. Bxe4 {[%clk 0:02:45]} dxe4 {[%clk 0:02:36]} 27. Qg5
{[%clk 0:02:27]} Kh7 {[%clk 0:02:22]} 28. Ne3 {[%clk 0:02:03]} Qe6
{[%clk 0:00:48]} 29. Nd5 {[%clk 0:02:00]} Be5 {[%clk 0:00:50]} 30. Nf4
{[%clk 0:00:56]} Qf7 {[%clk 0:00:31]} 31. Nd5 {[%clk 0:00:41]} Be6
{[%clk 0:00:33]} 32. Ne3 {[%clk 0:01:01]} Rxd1+ {[%clk 0:00:46]} 33. Nxd1
{[%clk 0:01:28]} Bxa2 {[%clk 0:00:59]} 34. Rd2 {[%clk 0:01:27]} Be6
{[%clk 0:00:54]} 35. Ne2 {[%clk 0:01:20]} Qc7 {[%clk 0:01:04]} 36. g3
{[%clk 0:01:14]} Qe7 {[%clk 0:01:04]} 37. Qe3 {[%clk 0:01:38]} Bg7
{[%clk 0:01:03]} 38. Qb6 {[%clk 0:01:31]} Bh6 {[%clk 0:00:59]} 39. Rd6
{[%clk 0:01:54]} Bf7 {[%clk 0:00:57]} 40. Kh2 {[%clk 0:02:15]} Rc8
{[%clk 0:00:59]} 41. Ne3 {[%clk 0:02:31]} Qc7 {[%clk 0:01:04]} 42. Qd4
{[%clk 0:01:47]} Bg7 {[%clk 0:01:11]} 43. Qd2 {[%clk 0:02:07]} Qc5
{[%clk 0:00:38]} 44. Nf4 {[%clk 0:01:12]} Qe5 {[%clk 0:00:35]} 45. Rd7
{[%clk 0:01:20]} Rc7 {[%clk 0:00:58]} 46. Rd8 {[%clk 0:01:08]} h4
{[%clk 0:01:09]} 47. Ned5 {[%clk 0:00:40]} hxg3+ {[%clk 0:01:17]} 48. fxg3
{[%clk 0:01:07]} Bxd5 {[%clk 0:00:37]} 49. Rxd5 {[%clk 0:01:34]} Qe8
{[%clk 0:00:55]} 50. Qe3 {[%clk 0:01:11]} Rd7 {[%clk 0:00:59]} 51. Rc5
{[%clk 0:01:39]} Bh6 {[%clk 0:01:17]} 52. h4 {[%clk 0:01:28]} Qf8
{[%clk 0:01:13]} 53. Re5 {[%clk 0:00:56]} Qd6 {[%clk 0:01:24]} 54. Rd5
{[%clk 0:01:11]} Qc6 {[%clk 0:01:29]} 55. Rc5 {[%clk 0:01:01]} Qb6
{[%clk 0:01:40]} 56. b4 {[%clk 0:01:23]} Bf8 {[%clk 0:01:44]} 57. Nxg6
{[%clk 0:00:34]} Bxc5 {[%clk 0:02:00]} 58. Nf8+ {[%clk 0:00:58]} Kg8
{[%clk 0:01:56]} 59. bxc5 {[%clk 0:00:53]} Qb2+ {[%clk 0:02:12]} 60. Kh3
{[%clk 0:01:20]} Kxf8 {[%clk 0:02:25]} 61. Qh6+ {[%clk 0:01:46]} Rg7
{[%clk 0:02:18]} 62. Qd6+ {[%clk 0:01:54]} Re7 {[%clk 0:01:28]} 63. Qd8+
{[%clk 0:01:22]} Kf7 {[%clk 0:01:41]} 64. Qd5+ {[%clk 0:01:49]} Ke8
{[%clk 0:01:50]} 65. Qg8+ {[%clk 0:02:09]} Kd7 {[%clk 0:01:41]} 66. Qd5+
{[%clk 0:02:36]} Kc8 {[%clk 0:01:04]} 67. Qxf5+ {[%clk 0:02:59]} Rd7
{[%clk 0:01:30]} 68. Qf8+ {[%clk 0:03:18]} Kc7 {[%clk 0:01:15]} 69. Qf4+
{[%clk 0:03:44]} Kc6 {[%clk 0:01:19]} 70. Qxe4+ {[%clk 0:03:45]} Kb5
{[%clk 0:01:07]} 71. c6 {[%clk 0:02:01]} bxc6 {[%clk 0:01:21]} 72. Qe5+
{[%clk 0:01:24]} Kb6 {[%clk 0:01:13]} 73. Qb8+ {[%clk 0:01:41]} Rb7
{[%clk 0:01:41]} 74. Qd8+ {[%clk 0:02:06]} Ka7 {[%clk 0:02:05]} 75. Qd4+
{[%clk 0:01:42]} Qb6 {[%clk 0:02:30]} 76. Qe4 {[%clk 0:01:55]} Qg1
{[%clk 0:02:20]} 77. Qxc6 {[%clk 0:01:23]} Qf1+ {[%clk 0:02:45]} 78. Kg4
{[%clk 0:01:19]} Qd1+ {[%clk 0:03:02]} 79. Kg5 {[%clk 0:01:16]} Rb5+
{[%clk 0:02:56]} 80. Kf6 {[%clk 0:01:25]} Rb6 {[%clk 0:03:24]}  0-1